000 00862nam a2200241Ia 4500
999 _c1836
_d1836
020 _a0131360140 (pbk.)
020 _a9780131360143 (pbk.)
020 _a0131889230
020 _a9780131889231
020 _a0131738852 (CDROM)
020 _a9780131738850 (CDROM)
050 0 0 _aT57.6
_b.T3 2007
100 1 _aTaha, Hamdy A.
245 1 0 _aOperations research :
_ban introduction /
_cHamdy A. Taha.
250 _a8th ed.
260 _aUpper Saddle River, N.J. :
_bPearson/Prentice Hall,
_cc2007.
300 _axx, 813 p. :
_bill. ;
_c25 cm. +
_e1 CD-ROM (4 3/4 in.)
500 _aIncludes index
505 _a1. What is operations research 2. Modelling with linear programming 3. The simplex method and sensitivity and analysis 4. Duality and post-optimal analysis
650 0 _aOperations research.
650 0 _aProgramming (Mathematics)
942 _cBK